00505nam a2200193 a 4500001001300000003000900013005001700022008004100039020002300080082001700103100001900120245003300139260003600172300000900208500003500217505002000252650002000272700001900292nice12345678IN_TiNIC20260116013747.0050524s1995 newa grp 000 0 eng  a8173042 c15000a294.609bSIN aSingh, Harbans aBerkeley Lectures on Sikhism aNew Delhi bManohar Pub. c1995 a102p aincludes index and biblioraphy2 aGlossary, Index aSikhism-History1 aSingh, Harbans